Trenčianske Teplice Kúpalisko Zelená žaba : Sanatórium Krym : Liečebný dom Machnáč : Jazierko na Baračke

Zobrazenie: Na striebornom podklade v bielom orámovani, pohľady na kúpalisko, sanatórium, kúpeľný dom a jazierko Baračka

Bibliographic Details
Other Authors: Zemiar, Bohuslav, 1952- (Photographer), Šmátrala, Milan (fotograf) (Photographer)
Format: Photo
Language:Slovak
PhysicalDescription:1 pohľadnica (4 čiastkové pohľady) farebná 11 x 15 cm
Published: Bratislava Pravda 1988
Subjects:

MARC

LEADER 00000ckm a2200000 a 4500
001 vtls001200852
003 SK-MaSNL
005 20260331202720.0
007 kf co
008 230718s1988 xo g 0kuslo
015 |a SNBG1988 
035 |a SNK000143922 
035 |a urn:nbn:sk:snk-km3lwpo 
035 |a EB2724DB-3483-4183-84C4-99733380265C 
035 |a urn:nbn:sk:snk-km00dqyu 
040 |a SNK  |b slo  |c SNK  |e AACR2 
041 0 |a slo 
043 |a e-xo--- 
044 |a xo  |c SK 
072 7 |a 913  |x Regionálna geografia  |2 konspekt 
080 |a 913(437.6)  |2 2011 
080 |a (084.121)  |2 2011 
080 |a 712.253  |2 2011 
080 |a 614.215  |2 2011 
080 |a 725.1:615.838  |2 2011 
100 1 |a Zemiar, Bohuslav,  |d 1952-  |4 pht  |9 47876 
245 1 0 |a Trenčianske Teplice  |h grafika  |b Kúpalisko Zelená žaba : Sanatórium Krym : Liečebný dom Machnáč : Jazierko na Baračke  |c foto Bohuslav Zemiar, Milan Šmátrala 
246 1 |i Názov na obrazovej časti:  |a Trenčianske Teplice 
260 |a Bratislava  |b Pravda  |c 1988 
300 |a 1 pohľadnica (4 čiastkové pohľady)  |b farebná  |c 11 x 15 cm 
520 8 |a Zobrazenie: Na striebornom podklade v bielom orámovani, pohľady na kúpalisko, sanatórium, kúpeľný dom a jazierko Baračka 
610 2 7 |a Trenčianske Teplice (Slovensko : kúpele)  |2 SNKKA  |9 187705 
650 0 7 |a kúpele  |2 SNKPH  |9 1139 
650 0 7 |a sanatóriá  |2 SNKPH  |9 24123 
650 0 7 |a kúpeľné budovy  |2 SNKPH  |9 102104 
651 7 |a jazerá  |2 SNKPH  |9 517201 
651 7 |a Baračka (Trenčianske Teplice, Slovensko)  |2 SNKPHgeo  |9 180941 
655 7 |a miestne pohľadnice  |2 SNKPH  |9 70510 
700 1 |a Šmátrala, Milan  |c (fotograf)  |4 pht  |9 164919 
852 |a Slovenská národná knižnica 
954 |a pohľadnice pôvodné (slovenské)  |2 lita 
958 |a GBN 
958 |a TL 
958 |a GC 
958 |a OND 
958 |a EUIPO 
999 |c 796643  |d 798573 
952 |a SNK  |b SNK  |y PREZ  |7 0  |p 17A1296376  |o snkSP 139436  |i snk1763/88  |0 0  |1 0  |4 0  |d 2018-10-22  |f 1  |l 0  |r 2026-02-24 01:55:20  |w 2026-02-24 
952 |a SNK  |b SNK  |y PREZ  |7 0  |p 17A1296358  |o snkSP 139436 D1  |i snk1764/88  |0 0  |1 0  |4 0  |d 2018-10-22  |l 0  |r 2026-02-24 01:55:20  |w 2026-02-24